[Event "EU-chT U18"]
[Site "Terme Catez"]
[Date "2025.07.07"]
[Round "3.3"]
[White "Tobak, Mikhail"]
[Black "Sosic, Zvan"]
[Result "1-0"]
[WhiteElo "2354"]
[BlackElo "1910"]
[PlyCount "133"]
[EventDate "2025.07.05"]
[EventType "team-swiss"]
[EventRounds "7"]
[EventCountry "SLO"]
[SourceTitle "CB29_2025"]
[SourceDate "2025.07.16"]
[SourceVersion "1"]
[SourceVersionDate "2025.07.16"]
[SourceQuality "1"]
[WhiteTeam "Ukraine"]
[BlackTeam "Croatia III"]
[WhiteTeamCountry "UKR"]
[BlackTeamCountry "CRO"]

1. Nf3 c5 2. g3 Nc6 3. Bg2 e6 4. e4 Qc7 5. 0-0 Nf6 6. Re1 d5 7. exd5 Nxd5 8. d4 Be7 9. c4 Nb6 10. d5 Nd4 11. Bf4 Nxf3+ 12. Bxf3 Bd6 13. Bxd6 Qxd6 14. dxe6 Qxd1 15. exf7+ Kxf7 16. Bxd1 Bh3 17. Bf3 Rhe8 18. Nd2 Rad8 19. Ne4 Bf5 20. b3 Bxe4 21. Bxe4 Rd2 22. Re3 g6 23. Rae1 Kg7 24. R3e2 Rxe2 25. Rxe2 Nc8 26. Kf1 Nd6 27. Bd5 Rxe2 28. Kxe2 Kf6 29. f4 b6 30. Kf3 Nf5 31. Be4 Nd4+ 32. Ke3 h6 33. Bd3 Nc6 34. Ke4 a5 35. a3 Ke6 36. Bf1 Nd4 37. b4 Nc6 38. bxc5 bxc5 39. h4 Nd4 40. g4 Nc2 41. a4 Nb4 42. Bh3 Kd6 43. g5 hxg5 44. hxg5 Na2 45. Kd3 Nb4+ 46. Kd2 Nc6 47. Bg2 Nd8 48. Be4 Ne6 49. Ke3 Nf8 50. Bd5 Nd7 51. f5 gxf5 52. g6 Ke5 53. g7 Nf6 54. g8Q Nxg8 55. Bxg8 f4+ 56. Kd3 Kf5 57. Bd5 Ke5 58. Be4 Kf6 59. Bf3 Kf5 60. Be2 Ke5 61. Bg4 f3 62. Bxf3 Kf4 63. Ke2 Kf5 64. Ke3 Ke5 65. Be4 Kd6 66. Kf4 Ke6 67. Bd3 1-0

[Event "EU-chT U18"]
[Site "Terme Catez"]
[Date "2025.07.05"]
[Round "1.3"]
[White "Tobak, Mikhail"]
[Black "Esmer, Kemal Eymen"]
[Result "1-0"]
[WhiteElo "2354"]
[BlackElo "2006"]
[PlyCount "77"]
[EventDate "2025.07.05"]
[EventType "team-swiss"]
[EventRounds "7"]
[EventCountry "SLO"]
[SourceTitle "CB29_2025"]
[SourceDate "2025.07.16"]
[SourceVersion "1"]
[SourceVersionDate "2025.07.16"]
[SourceQuality "1"]
[WhiteTeam "Ukraine"]
[BlackTeam "Luxembourg"]
[WhiteTeamCountry "UKR"]
[BlackTeamCountry "LUX"]

1. Nf3 d5 2. g3 Nd7 3. Bg2 Nb6 4. 0-0 Nf6 5. d3 c6 6. Nbd2 Bg4 7. e4 e6 8. Qe2 Nfd7 9. h3 Bxf3 10. Nxf3 Be7 11. Bf4 g5 12. Be5 Nxe5 13. Nxe5 Bf6 14. exd5 Nxd5 15. d4 Bxe5 16. dxe5 Qe7 17. c4 Nb6 18. Rad1 Qc5 19. b3 Nd7 20. Qh5 0-0-0 21. Qxf7 Nxe5 22. Qxe6+ Nd7 23. h4 gxh4 24. Rxd7 Rxd7 25. Rd1 hxg3 26. Qxd7+ Kb8 27. Qd6+ Qxd6 28. Rxd6 gxf2+ 29. Kxf2 Rf8+ 30. Bf3 Kc7 31. Rh6 Rf7 32. Ke3 Kb6 33. Be4 Rg7 34. Rxh7 Rg5 35. Kd4 c5+ 36. Kc3 a6 37. Rxb7+ Ka5 38. Rc7 Kb6 39. Rc6+ 1-0

[Event "Arad op 17th"]
[Site "Arad"]
[Date "2024.08.08"]
[Round "6"]
[White "Tobak, Mikhail"]
[Black "Ivancescu, Bogdan Andrei"]
[Result "1-0"]
[WhiteElo "2338"]
[BlackElo "1875"]
[PlyCount "73"]
[EventDate "2024.08.05"]
[EventType "swiss"]
[EventRounds "9"]
[EventCountry "ROU"]
[SourceTitle "CBM 221 Extra"]
[Source "ChessBase"]
[SourceDate "2024.09.30"]
[SourceVersion "1"]
[SourceVersionDate "2024.09.30"]
[SourceQuality "1"]

1. e4 c5 2. Nf3 g6 3. c3 d5 4. Bb5+ Bd7 5. Bxd7+ Qxd7 6. Ne5 Qe6 7. Qa4+ Nc6 8. Nxc6 bxc6 9. 0-0 Bg7 10. d3 Nf6 11. exd5 Qxd5 12. Na3 0-0 13. Be3 Nd7 14. Nc4 Rfd8 15. Na5 Rdc8 16. Qe4 f5 17. Qa4 e5 18. Rad1 f4 19. Bc1 f3 20. Qg4 fxg2 21. Qxg2 Qxa2 22. Nxc6 Qe6 23. Na5 Nb6 24. Rfe1 Re8 25. Be3 Rac8 26. Ra1 Qd7 27. Qe4 Nd5 28. Nb3 Rf8 29. Ra5 Nf4 30. Nxc5 Qg4+ 31. Kh1 Rf5 32. Rxa7 Rcf8 33. Ne6 Rh5 34. Rxg7+ Kh8 35. Bxf4 exf4 36. Rxg6 Qxg6 37. Qxg6 1-0

[Event "Arad op 17th"]
[Site "Arad"]
[Date "2024.08.06"]
[Round "3"]
[White "Dudin, Gleb"]
[Black "Tobak, Mikhail"]
[Result "1-0"]
[WhiteElo "2534"]
[BlackElo "2338"]
[PlyCount "57"]
[EventDate "2024.08.05"]
[EventType "swiss"]
[EventRounds "9"]
[EventCountry "ROU"]
[SourceTitle "CBM 221 Extra"]
[Source "ChessBase"]
[SourceDate "2024.09.30"]
[SourceVersion "1"]
[SourceVersionDate "2024.09.30"]
[SourceQuality "1"]

1. d4 Nf6 2. c4 e6 3. Nc3 Bb4 4. e3 c5 5. Bd3 b6 6. Nge2 Bb7 7. 0-0 0-0 8. d5 exd5 9. cxd5 Ba6 10. e4 Bxc3 11. bxc3 Re8 12. f3 Bxd3 13. Qxd3 d6 14. c4 Nbd7 15. Ng3 a6 16. a4 Ne5 17. Qc3 Nfd7 18. Bb2 Qf6 19. Qc2 Qg6 20. Nf5 Rad8 21. h3 Nf6 22. Rae1 b5 23. axb5 axb5 24. cxb5 Nxd5 25. exd5 Nxf3+ 26. Rxf3 Rxe1+ 27. Kh2 Rde8 28. Rg3 R1e2 29. Qc3 1-0

[Event "Arad op 17th"]
[Site "Arad"]
[Date "2024.08.06"]
[Round "2"]
[White "Tobak, Mikhail"]
[Black "Stremavicius, Titas"]
[Result "1/2-1/2"]
[WhiteElo "2338"]
[BlackElo "2520"]
[PlyCount "68"]
[EventDate "2024.08.05"]
[EventType "swiss"]
[EventRounds "9"]
[EventCountry "ROU"]
[SourceTitle "CBM 221 Extra"]
[Source "ChessBase"]
[SourceDate "2024.09.30"]
[SourceVersion "1"]
[SourceVersionDate "2024.09.30"]
[SourceQuality "1"]

1. e4 c6 2. d4 d5 3. f3 e6 4. Be3 dxe4 5. Nd2 exf3 6. Ngxf3 Nf6 7. Bd3 Nbd7 8. Qe2 Be7 9. 0-0-0 b5 10. Ne4 Nd5 11. c3 Nxe3 12. Qxe3 Qc7 13. Rhf1 h6 14. Nc5 Nxc5 15. dxc5 Bd7 16. Qe5 0-0-0 17. Qxg7 Qf4+ 18. Kb1 Rhg8 19. Qe5 Qxe5 20. Nxe5 f6 21. Ng6 Bxc5 22. Rxf6 Be8 23. Nf4 Be3 24. g3 Bxf4 25. Rxf4 Bh5 26. Rd2 Rd5 27. Rd4 Rxd4 28. cxd4 Rf8 29. Rc2 Kc7 30. Be4 Be8 31. b4 Rf1+ 32. Rc1 Rf2 33. Rc2 Rf1+ 34. Rc1 Rf2 1/2-1/2

[Event "Kiev All Ukranian 2nd"]
[Site "Kiev"]
[Date "2024.06.30"]
[Round "4"]
[White "Tobak, Mikhail"]
[Black "Piddubna, Bozhena"]
[Result "1-0"]
[WhiteElo "2338"]
[BlackElo "2171"]
[PlyCount "21"]
[EventDate "2024.06.30"]
[EventType "swiss (rapid)"]
[EventRounds "9"]
[EventCountry "UKR"]
[SourceTitle "CBM 220 Extra"]
[Source "ChessBase"]
[SourceDate "2024.07.31"]
[SourceVersion "1"]
[SourceVersionDate "2024.07.31"]
[SourceQuality "1"]

1. e4 e5 2. Nf3 Nc6 3. Nc3 Nf6 4. a3 d5 5. Bb5 dxe4 6. Nxe5 Qd6 7. d4 exd3 8. 0-0 Be7 9. Bf4 Qc5 10. Nxd3 Qb6 11. Be3 1-0

[Event "BL2-West 2324"]
[Site "Germany"]
[Date "2024.02.25"]
[Round "8.8"]
[White "Tobak, Mikhail"]
[Black "Karsunke, Marvin"]
[Result "1-0"]
[WhiteElo "2313"]
[BlackElo "1891"]
[PlyCount "89"]
[EventDate "2023.10.21"]
[EventType "team-tourn"]
[EventRounds "10"]
[EventCountry "GER"]
[SourceTitle "EXT 2025"]
[Source "ChessBase"]
[SourceDate "2024.10.14"]
[SourceVersion "1"]
[SourceVersionDate "2024.10.14"]
[SourceQuality "1"]
[WhiteTeam "Bad Wolfhagen Emstal"]
[BlackTeam "Lieme"]
[WhiteTeamCountry "GER"]
[BlackTeamCountry "GER"]

1. e4 e6 2. d3 d5 3. Nd2 Nf6 4. Ngf3 Nc6 5. c3 e5 6. b4 Bd6 7. exd5 Nxd5 8. b5 Nce7 9. c4 Nf6 10. Be2 0-0 11. 0-0 Ng6 12. Nb3 c5 13. bxc6 bxc6 14. c5 Bc7 15. Bb2 Be6 16. Re1 Bd5 17. Bf1 Re8 18. Ng5 Qe7 19. Ne4 Nxe4 20. dxe4 Be6 21. Qf3 Red8 22. Ba6 Rab8 23. g3 Rd7 24. h4 Nf8 25. Qc3 f6 26. Bc1 Bf7 27. Be3 Ne6 28. Bc4 Nf8 29. Rab1 Kh8 30. Nd2 Rdd8 31. Qa3 a5 32. Qa4 Bxc4 33. Nxc4 Qe8 34. Rxb8 Rxb8 35. Nb6 Ne6 36. Qxa5 Nd4 37. Bxd4 exd4 38. Qa4 Bxb6 39. cxb6 Rxb6 40. Qxd4 Ra6 41. Qc4 Qa8 42. e5 fxe5 43. Rxe5 Rxa2 44. Qf7 Ra1+ 45. Kh2 1-0

[Event "BL2-West 2324"]
[Site "Germany"]
[Date "2024.02.24"]
[Round "7.8"]
[White "Chitsazian, Daniel"]
[Black "Tobak, Mikhail"]
[Result "0-1"]
[WhiteElo "2014"]
[BlackElo "2313"]
[PlyCount "94"]
[EventDate "2023.10.21"]
[EventType "team-tourn"]
[EventRounds "10"]
[EventCountry "GER"]
[SourceTitle "EXT 2025"]
[Source "ChessBase"]
[SourceDate "2024.10.14"]
[SourceVersion "1"]
[SourceVersionDate "2024.10.14"]
[SourceQuality "1"]
[WhiteTeam "Werder Bremen II"]
[BlackTeam "Bad Wolfhagen Emstal"]
[WhiteTeamCountry "GER"]
[BlackTeamCountry "GER"]

1. e4 e5 2. Nf3 Nf6 3. Nxe5 d6 4. Nf3 Nxe4 5. Qe2 Qe7 6. d3 Nf6 7. Bg5 Nbd7 8. Nc3 Qxe2+ 9. Bxe2 c6 10. 0-0-0 Be7 11. Rde1 0-0 12. Bd1 Bd8 13. d4 Ba5 14. Bd2 Nb6 15. b3 Bf5 16. Nh4 Be6 17. Ne4 Bxd2+ 18. Kxd2 Nxe4+ 19. Rxe4 a5 20. f4 a4 21. f5 axb3 22. axb3 Bd5 23. Re7 c5 24. c4 Ra2+ 25. Bc2 cxd4 26. Kd3 Bc6 27. Nf3 d5 28. Nxd4 dxc4+ 29. bxc4 Rd8 30. Bb3 Ra3 31. Rb1 Na4 32. Ke3 Nc5 33. Re5 Rxd4 34. Rxc5 Rd8 35. Kf4 Bxg2 36. Rd1 Re8 37. Re5 g5+ 38. fxg6 Rxe5 39. gxh7+ Kg7 40. Kxe5 Rxb3 41. Rd4 Re3+ 42. Kf4 Rh3 43. Ke5 Rh5+ 44. Kd6 Rxh2 45. Rg4+ Kxh7 46. Kd7 f5 47. Rg5 Be4 0-1

[Event "Berlin Radtke Memorial op"]
[Site "Berlin"]
[Date "2023.10.28"]
[Round "8"]
[White "Tobak, Mikhail"]
[Black "Hourigan, Gerrit"]
[Result "0-1"]
[WhiteElo "2313"]
[BlackElo "2206"]
[PlyCount "108"]
[EventDate "2023.10.23"]
[EventType "swiss"]
[EventRounds "9"]
[EventCountry "GER"]
[SourceTitle "CBM 216 Extra"]
[Source "ChessBase"]
[SourceDate "2023.11.30"]
[SourceVersion "1"]
[SourceVersionDate "2023.11.30"]
[SourceQuality "1"]

1. e4 c6 2. Nc3 d5 3. Nf3 dxe4 4. Nxe4 Nf6 5. Qe2 Nxe4 6. Qxe4 Nd7 7. Bc4 Nf6 8. Ne5 e6 9. Qf4 Bd6 10. d4 Qc7 11. Qg3 0-0 12. Bh6 Ne8 13. Bf4 f6 14. Nd3 Bxf4 15. Nxf4 Nd6 16. Nh5 Rf7 17. Bb3 Qa5+ 18. c3 Ne4 19. Qf3 Bd7 20. Nf4 Nd6 21. 0-0-0 Re8 22. Rhe1 Rfe7 23. g4 c5 24. dxc5 Qxc5 25. h4 Nf7 26. Bc2 Ne5 27. Qe4 g6 28. g5 Bc6 29. Qd4 Qxd4 30. cxd4 fxg5 31. hxg5 Nf7 32. Bb3 Nxg5 33. Re5 Nf7 34. Rxe6 Kg7 35. Kd2 Ng5 36. Rxe7+ Rxe7 37. d5 Bd7 38. Rc1 Ne4+ 39. Ke3 Nd6+ 40. Ne6+ Bxe6 41. dxe6 Kf6 42. Kf4 h5 43. Rg1 Rg7 44. Rg5 Nf5 45. Bd5 b6 46. a4 Rc7 47. b3 Rc2 48. f3 Rh2 49. Rxg6+ Kxg6 50. Be4 Rh4+ 51. Ke5 Rxe4+ 52. fxe4 Ng7 53. Kd6 h4 54. e7 h3 0-1

[Event "Berlin Radtke Memorial op"]
[Site "Berlin"]
[Date "2023.10.25"]
[Round "4"]
[White "Tobak, Mikhail"]
[Black "Schmidek, Emil"]
[Result "0-1"]
[WhiteElo "2313"]
[BlackElo "2433"]
[PlyCount "146"]
[EventDate "2023.10.23"]
[EventType "swiss"]
[EventRounds "9"]
[EventCountry "GER"]
[SourceTitle "CBM 216 Extra"]
[Source "ChessBase"]
[SourceDate "2023.11.30"]
[SourceVersion "1"]
[SourceVersionDate "2023.11.30"]
[SourceQuality "1"]

1. Nf3 d5 2. g3 Nf6 3. Bg2 e6 4. 0-0 c5 5. d3 Nc6 6. Nbd2 Be7 7. e4 0-0 8. Re1 b5 9. e5 Nd7 10. Nf1 a5 11. h4 b4 12. h5 h6 13. N1h2 Re8 14. Bf4 Nf8 15. Qd2 Nh7 16. Ng4 Ba6 17. Bh3 Ng5 18. Bxg5 Bxg5 19. Nxg5 Qxg5 20. Qxg5 hxg5 21. Bg2 c4 22. dxc4 Bxc4 23. Ne3 Bb5 24. f4 gxf4 25. gxf4 Nd4 26. Rad1 Ne2+ 27. Kh2 Nxf4 28. Bf3 g6 29. h6 Kh7 30. Kg3 Nh5+ 31. Bxh5 gxh5 32. Kh4 Kxh6 33. Rd4 Rg8 34. Rf4 Ra7 35. Rf6+ Rg6 36. Rg1 Rxf6 37. exf6 d4 38. Nd1 Be2 39. Nf2 Bg4 40. Nxg4+ hxg4 41. Rxg4 Rc7 42. Rg7 Rxc2 43. Rxf7 Kg6 44. Ra7 Kxf6 45. Kg4 Rc5 46. Kf3 Ke5 47. Rh7 Rd5 48. Ke2 d3+ 49. Kd2 Kd4 50. Rh4+ Kc5 51. a3 b3 52. Rh8 e5 53. Rh4 Kd6 54. Rh6+ Ke7 55. Rh1 Ke6 56. Re1 Rd4 57. Rh1 Kf5 58. Rh5+ Kf6 59. Rh1 Kg5 60. Rg1+ Kf5 61. Rh1 e4 62. Ke3 Rd6 63. Rf1+ Ke5 64. Rd1 d2 65. a4 Rd3+ 66. Ke2 Kd4 67. Kf2 e3+ 68. Kf3 Ke5 69. Ke2 Ke4 70. Rh1 d1Q+ 71. Rxd1 Rxd1 72. Kxd1 Kd3 73. Kc1 e2 0-1

[Event "Berlin Radtke Memorial op"]
[Site "Berlin"]
[Date "2023.10.24"]
[Round "3"]
[White "Koellner, Ruben Gideon"]
[Black "Tobak, Mikhail"]
[Result "1/2-1/2"]
[WhiteElo "2483"]
[BlackElo "2313"]
[PlyCount "113"]
[EventDate "2023.10.23"]
[EventType "swiss"]
[EventRounds "9"]
[EventCountry "GER"]
[SourceTitle "CBM 216 Extra"]
[Source "ChessBase"]
[SourceDate "2023.11.30"]
[SourceVersion "1"]
[SourceVersionDate "2023.11.30"]
[SourceQuality "1"]

1. d4 g6 2. Nf3 Bg7 3. e4 c5 4. d5 d6 5. Nc3 Nf6 6. Be2 0-0 7. 0-0 Bg4 8. Nd2 Bxe2 9. Qxe2 Nfd7 10. f4 Na6 11. Nc4 Nc7 12. a4 a6 13. a5 Nb5 14. Na4 Qe8 15. Nab6 Nxb6 16. axb6 e6 17. Qd3 f5 18. c3 fxe4 19. Qxe4 exd5 20. Qxd5+ Qf7 21. Ne3 Rae8 22. Bd2 Qxd5 23. Nxd5 Rf5 24. Ne3 Rf7 25. Rae1 Rfe7 26. Kf2 Kf7 27. Kf3 Ke6 28. g4 Kd7 29. Nd5 Rxe1 30. Rxe1 Rxe1 31. Bxe1 a5 32. Ke4 a4 33. f5 gxf5+ 34. gxf5 Be5 35. h3 a3 36. bxa3 Nxa3 37. Kd3 c4+ 38. Ke4 Nb1 39. Kf3 Kc6 40. Ke4 Kd7 41. Ne3 Bxc3 42. Bxc3 Nxc3+ 43. Kd4 Na4 44. Nxc4 Ke7 45. Ke4 Kf6 46. Nxd6 Nxb6 47. Nxb7 Na4 48. Kf4 Nc3 49. Nd6 Nd5+ 50. Ke4 Nc3+ 51. Kd4 Ne2+ 52. Ke3 Ng1 53. h4 Ke5 54. Kf2 Kxd6 55. Kxg1 Ke5 56. Kf2 Kxf5 57. Kf3 1/2-1/2

[Event "EU-ch U16 31st"]
[Site "Mamaia"]
[Date "2023.09.14"]
[Round "9"]
[White "Tobak, Mikhail"]
[Black "Kvaloy, Aksel Bu"]
[Result "0-1"]
[WhiteElo "2328"]
[BlackElo "2469"]
[PlyCount "96"]
[EventDate "2023.09.05"]
[EventType "swiss"]
[EventRounds "9"]
[EventCountry "ROU"]
[SourceTitle "CBM 216 Extra"]
[Source "ChessBase"]
[SourceDate "2023.11.30"]
[SourceVersion "1"]
[SourceVersionDate "2023.11.30"]
[SourceQuality "1"]

1. e4 c5 2. Nf3 d6 3. d4 cxd4 4. Nxd4 Nf6 5. Nc3 a6 6. a4 e5 7. Nde2 Be7 8. g3 0-0 9. Bg2 Nc6 10. Nd5 Nxd5 11. exd5 Nb8 12. 0-0 Bf5 13. f4 exf4 14. Bxf4 Bg6 15. a5 Nd7 16. Nc3 Rc8 17. Be4 Rc5 18. Re1 Ne5 19. Bxg6 hxg6 20. Bxe5 dxe5 21. Rxe5 Bf6 22. Ne4 Rxa5 23. Rxa5 Bxe5 24. Ra3 Re8 25. Rb3 Bxb2 26. Nf2 Qf6 27. Kg2 b5 28. Rf3 Qd6 29. Rd3 Bf6 30. Qf3 Rc8 31. c3 Rd8 32. Ne4 Qe5 33. d6 Kf8 34. h4 a5 35. Nxf6 gxf6 36. Rd5 Qe6 37. h5 Rxd6 38. Rxd6 Qxd6 39. Qa8+ Kg7 40. hxg6 Qd2+ 41. Kh3 Qd7+ 42. Kg2 a4 43. gxf7 Kxf7 44. Qa5 Qd5+ 45. Kh3 Kg6 46. Qb4 Qh1+ 47. Kg4 f5+ 48. Kf4 Qe4+ 0-1

[Event "Titled Tuesday intern op 25th Jul Early"]
[Site "Chess.com INT"]
[Date "2023.07.25"]
[Round "4"]
[White "Antonio, Rogelio Jr"]
[Black "Tobak, Mikhail"]
[Result "1/2-1/2"]
[WhiteElo "2393"]
[BlackElo "2291"]
[PlyCount "61"]
[EventDate "2023.07.25"]
[EventType "swiss (blitz)"]
[EventRounds "11"]
[EventCountry "USA"]
[SourceTitle "EXT 2024"]
[Source "ChessBase"]
[SourceDate "2023.10.10"]
[SourceVersion "1"]
[SourceVersionDate "2023.10.10"]
[SourceQuality "1"]

1. e4 Nf6 2. e5 Nd5 3. d4 d6 4. Nf3 Bg4 5. Be2 c6 6. 0-0 Bxf3 7. Bxf3 dxe5 8. dxe5 e6 9. c4 Ne7 10. Qe2 Ng6 11. Bh5 Nd7 12. f4 Bc5+ 13. Kh1 Qh4 14. g3 Qe7 15. Nc3 0-0-0 16. Ne4 f5 17. Nxc5 Nxc5 18. Be3 Kb8 19. Rad1 Ne4 20. Bf3 h5 21. Bxe4 fxe4 22. Qf2 b6 23. Bxb6 Rxd1 24. Rxd1 axb6 25. Qxb6+ Qb7 26. Rd8+ Rxd8 27. Qxd8+ Ka7 28. Qa5+ Kb8 29. Qd8+ Ka7 30. Qa5+ Kb8 31. Qd8+ 1/2-1/2

[Event "Titled Tuesday intern op 25th Jul Early"]
[Site "Chess.com INT"]
[Date "2023.07.25"]
[Round "11"]
[White "Kaplan, Avi Harrison"]
[Black "Tobak, Mikhail"]
[Result "0-1"]
[WhiteElo "2117"]
[BlackElo "2291"]
[PlyCount "84"]
[EventDate "2023.07.25"]
[EventType "swiss (blitz)"]
[EventRounds "11"]
[EventCountry "USA"]
[SourceTitle "EXT 2024"]
[Source "ChessBase"]
[SourceDate "2023.10.10"]
[SourceVersion "1"]
[SourceVersionDate "2023.10.10"]
[SourceQuality "1"]

1. e4 Nf6 2. Qf3 e5 3. Bc4 Nc6 4. Ne2 Bc5 5. a3 d6 6. h3 Be6 7. Bxe6 fxe6 8. Nbc3 0-0 9. d3 Nd5 10. Qg4 Bxf2+ 11. Kd1 Nxc3+ 12. Nxc3 Qd7 13. Rf1 Bd4 14. Re1 Bxc3 15. bxc3 Qf7 16. Be3 d5 17. Kc1 b6 18. Kb2 d4 19. cxd4 exd4 20. Bd2 Rae8 21. h4 e5 22. h5 Qe6 23. Qg3 Nd8 24. h6 g6 25. Rf1 c5 26. Qg5 Nc6 27. g4 b5 28. a4 c4 29. axb5 c3+ 30. Bxc3 dxc3+ 31. Kxc3 Nd4 32. Rxf8+ Rxf8 33. Rxa7 Nxb5+ 34. Kd2 Nxa7 35. Qe3 Nc6 36. Qb6 Nd4 37. Qa7 Qf7 38. Qa6 Qf2+ 39. Kc3 Qxc2+ 40. Kb4 Rb8+ 41. Qb5 Rxb5+ 42. Ka3 Qb3# 0-1

[Event "Titled Tuesday intern op 25th Jul Early"]
[Site "Chess.com INT"]
[Date "2023.07.25"]
[Round "5"]
[White "Tobak, Mikhail"]
[Black "Baziuk, Vladyslav"]
[Result "0-1"]
[WhiteElo "2291"]
[BlackElo "2201"]
[PlyCount "154"]
[EventDate "2023.07.25"]
[EventType "swiss (blitz)"]
[EventRounds "11"]
[EventCountry "USA"]
[SourceTitle "EXT 2024"]
[Source "ChessBase"]
[SourceDate "2023.10.10"]
[SourceVersion "1"]
[SourceVersionDate "2023.10.10"]
[SourceQuality "1"]

1. e4 c6 2. Nc3 d5 3. Nf3 dxe4 4. Nxe4 Nf6 5. Qe2 Nxe4 6. Qxe4 Nd7 7. Bc4 Nf6 8. Ne5 e6 9. Qe2 b5 10. Nxc6 Qc7 11. Bxb5 a6 12. Bc4 Qxc6 13. 0-0 Bb7 14. f3 Rc8 15. Bb3 Bc5+ 16. Kh1 0-0 17. c3 h6 18. d4 Bd6 19. Be3 Bb8 20. Bc2 Rfe8 21. Qd3 Qd6 22. Bg1 e5 23. dxe5 Qxe5 24. Rad1 Bd5 25. Bb3 Bxb3 26. axb3 Qe2 27. Qxe2 Rxe2 28. Rf2 Rce8 29. Rxe2 Rxe2 30. Rd8+ Re8 31. Rxe8+ Nxe8 32. Bd4 f5 33. Kg1 Kf7 34. h3 Ke6 35. Kf2 Be5 36. Bb6 Kd5 37. Ke3 g5 38. Kd3 Ng7 39. Bf2 Ne6 40. b4 Nf4+ 41. Kc2 Nxg2 42. b3 Nf4 43. c4+ Kc6 44. h4 g4 45. fxg4 fxg4 46. Bg3 Ng6 47. Bf2 g3 48. Bg1 Nxh4 49. Kd3 Ng6 50. Ke4 Bd6 51. c5 Bc7 52. Kf5 Ne7+ 53. Kg4 Kb5 54. Kh5 Ng8 55. Kg6 Kxb4 56. Kg7 Ne7 57. Kxh6 Kxb3 58. Kg5 a5 59. Kf6 Nc6 60. Ke6 Bf4 61. Kd7 Nb4 62. c6 Nxc6 63. Kxc6 a4 64. Kd5 a3 65. Ke4 Bb8 66. Kf3 Kc3 67. Be3 a2 68. Ke4 Kc2 69. Bd4 Kb1 70. Kf3 a1Q 71. Bxa1 Kxa1 72. Kg2 Kb2 73. Kf3 Kc3 74. Kg2 Kd2 75. Kf3 Ke1 76. Kg2 Ke2 77. Kh3 Kf3 0-1

[Event "Titled Tuesday intern op 25th Jul Early"]
[Site "Chess.com INT"]
[Date "2023.07.25"]
[Round "3"]
[White "Vlassov, Nikolai"]
[Black "Tobak, Mikhail"]
[Result "0-1"]
[WhiteElo "2283"]
[BlackElo "2291"]
[PlyCount "96"]
[EventDate "2023.07.25"]
[EventType "swiss (blitz)"]
[EventRounds "11"]
[EventCountry "USA"]
[SourceTitle "EXT 2024"]
[Source "ChessBase"]
[SourceDate "2023.10.10"]
[SourceVersion "1"]
[SourceVersionDate "2023.10.10"]
[SourceQuality "1"]

1. e4 Nf6 2. e5 Nd5 3. c4 Nb6 4. d4 d6 5. f4 dxe5 6. fxe5 Nc6 7. Be3 Bf5 8. Nc3 e6 9. Nf3 Qd7 10. Bd3 Bg4 11. 0-0 0-0-0 12. d5 exd5 13. Bxb6 axb6 14. cxd5 Bxf3 15. dxc6 Bc5+ 16. Kh1 Qxd3 17. Qxf3 Qxf3 18. Rxf3 bxc6 19. Rxf7 Rd7 20. e6 Rxf7 21. exf7 Rf8 22. Rf1 Kd7 23. Ne4 Be7 24. g4 Ke6 25. Kg2 Rxf7 26. Re1 Kd7 27. a4 Bd6 28. b3 Re7 29. h3 Re5 30. Kf3 Rd5 31. Re3 Bc5 32. Nxc5+ Rxc5 33. Kf4 g5+ 34. Ke4 Kd6 35. Rf3 Re5+ 36. Kd4 c5+ 37. Kc4 Re4+ 38. Kd3 Rb4 39. Kc3 Rf4 40. Rd3+ Kc6 41. Re3 h5 42. gxh5 Rh4 43. Rg3 Rxh5 44. Kb2 Kd5 45. Kc3 c6 46. Rd3+ Ke4 47. Kc4 Rh4 48. Rd6 Ke5+ 0-1

[Event "Dortmund Sparkassen op 50th"]
[Site "Dortmund"]
[Date "2023.06.30"]
[Round "7"]
[White "Tobak, Mikhail"]
[Black "Papp, Gabor"]
[Result "1-0"]
[WhiteElo "2316"]
[BlackElo "2558"]
[PlyCount "81"]
[EventDate "2023.06.24"]
[EventType "swiss"]
[EventRounds "9"]
[EventCountry "GER"]
[SourceTitle "CBM 215 Extra"]
[Source "ChessBase"]
[SourceDate "2023.09.30"]
[SourceVersion "1"]
[SourceVersionDate "2023.09.30"]
[SourceQuality "1"]

1. e4 e5 2. Nf3 Nc6 3. Bb5 a6 4. Ba4 Nf6 5. 0-0 Be7 6. Re1 b5 7. Bb3 d6 8. c3 0-0 9. h3 Nb8 10. d4 Nbd7 11. c4 c6 12. Bg5 Re8 13. c5 exd4 14. Nxd4 Qc7 15. cxd6 Bxd6 16. Nd2 c5 17. Nf5 Bh2+ 18. Kh1 c4 19. Nf3 cxb3 20. Nxh2 bxa2 21. Ng4 Nxg4 22. Qxg4 Nf8 23. Rxa2 Qe5 24. Bd2 Bxf5 25. exf5 Qd6 26. Rd1 Rad8 27. Raa1 Qc6 28. Bc3 f6 29. Rdc1 Rc8 30. Re1 Qb6 31. Kg1 Rxe1+ 32. Rxe1 Rc4 33. Qd1 Qc5 34. Re8 b4 35. Qe2 Kf7 36. Rb8 h6 37. Qe8+ Kg8 38. Rb7 Qd5 39. Qe7 Qxb7 40. Qxb7 bxc3 41. Qd5+ 1-0

[Event "Kiev Spring op"]
[Site "Kiev"]
[Date "2023.03.29"]
[Round "6"]
[White "Tobak, Mikhail"]
[Black "Domin, Yan"]
[Result "1-0"]
[WhiteElo "2334"]
[BlackElo "1908"]
[PlyCount "103"]
[EventDate "2023.03.25"]
[EventType "swiss"]
[EventRounds "9"]
[EventCountry "UKR"]
[SourceTitle "EXT 2024"]
[Source "ChessBase"]
[SourceDate "2023.10.10"]
[SourceVersion "1"]
[SourceVersionDate "2023.10.10"]
[SourceQuality "1"]

1. Nf3 Nf6 2. g3 g6 3. Bg2 Bg7 4. d3 0-0 5. 0-0 c5 6. e4 d6 7. Nh4 Nc6 8. f4 Rb8 9. a4 a6 10. h3 Nd7 11. f5 c4 12. Nc3 cxd3 13. cxd3 b5 14. axb5 axb5 15. Nf3 Nde5 16. Nxe5 Nxe5 17. Bg5 Bb7 18. Kh2 b4 19. Ne2 h6 20. Bf4 g5 21. Bc1 Nd7 22. h4 Bf6 23. hxg5 hxg5 24. g4 Kg7 25. Ng3 Be5 26. Bxg5 Rh8+ 27. Bh3 Bxg3+ 28. Kxg3 f6 29. Bf4 d5 30. Bg2 dxe4 31. dxe4 Nc5 32. e5 Bxg2 33. exf6+ exf6 34. Kxg2 Ra8 35. Qf3 Qd3 36. Rxa8 Qxf3+ 37. Kxf3 Rxa8 38. Rd1 Ra2 39. Rd5 Na4 40. Rd7+ Kg8 41. Bh6 Nxb2 42. g5 Nc4 43. Rg7+ Kh8 44. gxf6 Nd6 45. Rd7 Nc4 46. Bf4 Ra5 47. Rd8+ Kh7 48. f7 Rxf5 49. f8Q Rxf8 50. Rxf8 b3 51. Rb8 b2 52. Ke4 1-0

[Event "Kiev Spring op"]
[Site "Kiev"]
[Date "2023.03.28"]
[Round "5"]
[White "Voitychuk, Orest"]
[Black "Tobak, Mikhail"]
[Result "1/2-1/2"]
[WhiteElo "1933"]
[BlackElo "2334"]
[PlyCount "118"]
[EventDate "2023.03.25"]
[EventType "swiss"]
[EventRounds "9"]
[EventCountry "UKR"]
[SourceTitle "EXT 2024"]
[Source "ChessBase"]
[SourceDate "2023.10.10"]
[SourceVersion "1"]
[SourceVersionDate "2023.10.10"]
[SourceQuality "1"]

1. Nf3 Nf6 2. c4 e6 3. Nc3 c5 4. g3 b6 5. Bg2 Bb7 6. 0-0 Be7 7. b3 a6 8. Bb2 Qc7 9. e3 0-0 10. Rc1 d6 11. d4 Nbd7 12. Qc2 Rac8 13. e4 cxd4 14. Nxd4 Qb8 15. Qe2 Rfe8 16. Rfe1 Bf8 17. Rcd1 Qa8 18. g4 h6 19. h4 Ne5 20. g5 hxg5 21. hxg5 Nfd7 22. Qh5 Ng6 23. Bc1 Nge5 24. Re3 g6 25. Qh4 Bg7 26. Rh3 Nf8 27. Na4 Rcd8 28. Nxb6 Qb8 29. Be3 Qc7 30. Na4 d5 31. exd5 exd5 32. c5 Bc8 33. Rg3 Be6 34. Nb6 Ned7 35. Na4 Be5 36. f4 Bg7 37. c6 Nb8 38. Rc1 Rd6 39. Nxe6 Rexe6 40. Bb6 Qc8 41. Bh3 Rxc6 42. Rxc6 Qxc6 43. Bxe6 Nxe6 44. f5 Qc1+ 45. Kh2 Qc2+ 46. Kh1 Qxf5 47. Qg4 Qc2 48. Nc5 Nf8 49. Rf3 Nc6 50. Nd3 Ne6 51. Qg2 Qc3 52. Nf4 Qc1+ 53. Rf1 Qc3 54. Nxd5 Qe5 55. Nf6+ Bxf6 56. gxf6 Qh5+ 57. Qh2 Qd5+ 58. Qg2 Qh5+ 59. Qh2 Qd5+ 1/2-1/2